Los Grandes parásitos del erario municipal de Barcelona
Descripción Física:
140 p. ; 19 cm
MARC
| LEADER | 00000nam a2200000Ia 4500 | ||
|---|---|---|---|
| 001 | 2215 | ||
| 008 | 160829s1921 xx 000 0 cat d | ||
| 080 | |a M-3-327 | ||
| 245 | |a Los Grandes parásitos del erario municipal de Barcelona | ||
| 260 | |a Barcelona : |b Libreria Española, |c 1921 | ||
| 300 | |a 140 p. ; |c 19 cm | ||
| 650 | 0 | |a Municipis |x Govern i administració |z Barcelona (Catalunya) |9 45990 | |
| 901 | |a Arxiu | ||
| 942 | |n 1 | ||
| 952 | |0 0 |1 0 |4 0 |6 M3327 |7 1 |9 42070 |a Arxiu |b Arxiu |d 2016-12-01 |l 0 |o M-3-327 |p 2215 |r 2016-12-01 00:00:00 |w 2016-12-01 |y ARXIU | ||
| 999 | |c 44517 |d 44517 | ||